| 000 | 00957 a2200229 4500 | ||
|---|---|---|---|
| 003 | UA-OsUOA | ||
| 005 | 20260326100246.0 | ||
| 008 | 260326b un ||||| |||| 00| 0 ukr d | ||
| 020 | _a5308008906 | ||
| 040 |
_bukr _cUA-OsUOA |
||
| 080 | _a821.161.2(460) | ||
| 090 |
_a821.161.2(460) _bС32 |
||
| 100 |
_aСааведра М. С. _924674 |
||
| 245 |
_aПремудрий гідальго Дон Кіхот з Ламанчі _bроман _cМігель де Сервантес Сааведра ; пер. з ісп. М. Лукаша |
||
| 246 | _aEl sabio hidalgo Don Quijote de la Mancha | ||
| 260 |
_aК. _bДніпро _c1995 |
||
| 300 |
_a703 с. _bіл. |
||
| 650 |
_a821 Художня література окремими мовами і мовними сім'ями _917 |
||
| 942 |
_cBK _2udc |
||
| 955 | _a3 | ||
| 999 |
_c580213 _d580213 |
||